00434nam a22001577a 450000500170000001000150001702000300003203500140006203700130007608200110008924500570010026000400015727000330019730000240023070000220025420220726164428.0 aENG-133953 c100.00a978-93-81112-00-7 aEN-117485 bDBAD/PUB a323.07 aHuman Rights Education/cedited by D. Srinivas Kumar aKuppambDirector Prasaaraangac2011 aDravidian UniversitybKuppam avi,237p.c21cm(pbk) aD. Srinivas Kumar